LEADER 01169nam0-2200361---450 001 990005582160203316 005 20190403124910.0 035 $a000558216 035 $aUSA01000558216 035 $a(ALEPH)000558216USA01 035 $a000558216 100 $a19981214d1987----|||y0itaa50------ba 101 $aita 102 $ait 105 $a0 00||| 200 1 $a<> antropologia di Cassiodoro tra ispirazione agostiniana e suggestioni del mondo classico$enote teoretiche e filologiche sul 'De anima'$fFrancesco D'Elia 210 $aRoma$cGesualdi$d1987 215 $a104 p.$d20 cm. 606 $aCassiodoro, Flavio Magno Aurelio. De anima.$2F 620 $dROMA 676 $a233.5 700 1$aD'ELIA,$bFrancesco$0217302 801 0$aIT$bSA$c20111219 912 $a990005582160203316 950 0$aDipar.to di Filosofia - Salerno$dDFCC 233.5 DEL$e20 FIL 951 $aCC 233.5 DEL$b20 FIL 959 $aBK 969 $aFIL 979 $c20121027$lUSA01$h1525 979 $c20121027$lUSA01$h1614 996 $aAntropologia di Cassiodoro tra ispirazione agostiniana e suggestioni del mondo classico$91132026 997 $aUNISA NUM $aSA0001110